00511cam a22001454a 4500020003300000082001700033100002800050245010400078260003600182300003400218440000300252504005100255650003400306650002500340 a0743258398 (hc : alk. paper)00a658/.04909511 aMcGregor, James,d1953-10aOne billion customers :blessons from the front lines of doing business in China /cJames McGregor. aNew York :bFree Press,cc2005. axix, 312 p. :bmaps ;c24 cm. 2 aIncludes bibliographical references and index. 0aBusiness enterprises, Foreign 0aInvestments, Foreign